000 01032nam a2200277 a 4500
003 CBULib
005 20240418082206.0
008 210906s2021 ||||||||||||||||| || u
020 _a9789211130195
040 _aCBULib
_bEnglish
_cCBULib
_erda
041 _aeng
050 _aUNCTAD(058)DER/2020
110 _aUnited Nations Conference on Trade and Development (UNCTAD)
_9359
245 1 0 _aManual for the production of statistics on the digital economy : 2020 revised edition
_c/ by United Nations Conference on Trade and Development(UNCTAD)
250 _aRevised edition
260 _aGeneva :
_bUnited Nations,
_c2021
300 _a225 pages : illustrations
336 _aText |
_2rdacontent
_btxt
337 _aUnmediated |
_2rdamedia
_bn
338 _aVolume
_2rdacarrier
_bnc
650 0 _aELECTRONIC COMMERCE--STATISTICS
650 0 _aINFORMATION TECHNOLOGY--STATISTICS
650 0 _aINFORMATION TECHNOLOGY--ECONOMIC ASPECTS
942 _2mc
_c029
999 _c50280
_d50280